Conquering without Bloodshed

Titel: Conquering without Bloodshed : Swedish Rule in Livonia and Scania
Verfasser:
In: Riga und der Ostseeraum, (2005), Seite 358-366
alle Artikel anzeigen
Veröffentlicht: 2005
Format: Aufsatz
Sprache: Englisch
Kein Bild verfügbar
X
alg: 39164021
001A    $01999:11-11-16 
001B    $01999:25-04-21 $t10:53:26.000 
001D    $01999:11-11-16 
001U    $0utf8 
001X    $00 
002@    $0Aox 
003@    $0391640216 
007A    $0391640216 $aHEB 
007T    $0Herd79022 
010@    $aeng 
011@    $a2005 
021A    $aConquering without Bloodshed $dSwedish Rule in Livonia and Scania 
028A    $aNordin $dJonas 
031A    $h358-366 $j2005 
039B    $aIn $8--Aau--. Riga und der Ostseeraum. - Marburg : Verl. Herder-Institut, 2005. - VIII, 486 S.. - Ill., graph. Darst., Kt.. - ISBN 3-87969-319-6 $x200500000000000642 $9133615367 
045F    $a909 $eDDC23BSB 
045F/01 $a909 
045F/03 $g4798 
045F/03 $g4796 

lok: 39164021 78

exp: 39164021 78 1 #EPN
201B/01 $001-03-19 $t22:51:33.000 
201U/01 $0utf8 
203@/01 $0787734691 
208@/01 $a11-11-16 $be 
209A/01 $a/ $f000 $x00 
220C/01 $aTitelaufnehmer: cs 
244Z/01 $2Trx $#Estija $#Igaunija $#Estland $#Estonia $#Estonia $#Estónsko $#Estonsko $8--Trx--Eesti $x01 $9391237225 
244Z/01 $2Trx $#Latvija $#Lettland $#Łotwa $#Lotyšsko $8--Trx--Latvija $x02 $9391275879 
244Z/01 $2Trx $#Schonen $#Scania $8--Trx--Skåne $x03 $939118458X 
244Z/01 $#Liivimaa $#Vidzeme $#Livonija $#Vidzeme $#Livonia $#Inflanty $74036075-1 $8--Tg1--Livland $x04 $9085097721 
244Z/01 $aGeschichte 1561-1721 $x05 
244Z/01 $2Trx $#välispoliitika, Rootsi $#užsienio politika, Švedijos $#Swedish foreign policy $#svéd külpolitika $#polityka zagraniczna szwedzka $#politika zahraničná švédska $#politika zahraniční švedská $8--Trx--Außenpolitik, schwedische $x06 $9391365223 
244Z/01 $2Trx $8--Trx--Einzelbeiträge $x07 $9391384570 
245Z/01 $a07.07 $x01 
247C/01 $82080>Marburg/Lahn, Herder-Institut, Forschungsbibliothek, Bibliographieportal $9336309341
LEADER 00000caa a22000002c 4500
001 391640216
003 DE-603
005 20210425105326.0
007 tu
008 161111s2005 xx |||| | u00||u|eng c
035 |a (DE-599)HEB391640216 
040 |a DE-603  |b ger  |c DE-603  |d DE-603 
041 |a eng 
082 0 4 |8 1\u  |a 909  |q DE-101  |2 23/BSB 
085 |8 1\u  |b 909 
085 |8 1\u  |z 2  |s 4798 
085 |8 1\u  |z 2  |s 4796 
100 1 |a Nordin, Jonas 
245 0 0 |a Conquering without Bloodshed  |b Swedish Rule in Livonia and Scania 
264 0 |c 2005 
773 0 8 |i In  |t Riga und der Ostseeraum  |d Marburg : Verl. Herder-Institut, 2005  |h VIII, 486 S., Ill., graph. Darst., Kt.  |z 3879693196  |g (2005), Seite 358-366  |w (DE-603)133615367 
924 0 |9 2080  |a (DE-603)787734691  |b DE-2080  |c HES  |d d  |g /